El político y el científico
Saved in:
| Main Author: | |
|---|---|
| Format: | Book |
| Language: | Spanish |
| Published: |
Madrid, España
Alianza Editorial
2012
|
| Edition: | Tercera edición |
| Series: | El Libro de Bolsillo, 2
|
| Subjects: | |
| Tags: |
Add Tag
No Tags, Be the first to tag this record!
|
MARC
| LEADER | 00000cam a2200000 a 4500 | ||
|---|---|---|---|
| 001 | UCE8951 | ||
| 003 | CL-VaPUC | ||
| 005 | 20250228145544.0 | ||
| 008 | 150911e20120000sp |||||||||||||||||spa|d | ||
| 999 | |c 360708 |d 360706 | ||
| 020 | |a 9788420669397 | ||
| 040 | |c Pontificia Universidad Católica de Valparaíso | ||
| 082 | 0 | 4 | |a 320.01 WEB 2012 |2 21 |
| 100 | 0 | |a Weber, Max |e author |9 314708 | |
| 245 | 1 | 3 | |a El político y el científico |
| 250 | |a Tercera edición | ||
| 260 | |a Madrid, España |b Alianza Editorial |c 2012 | ||
| 300 | |a 227 páginas | ||
| 490 | 0 | |a El Libro de Bolsillo, 2 | |
| 583 | |a last modification |c 20150911 12:29:00 |k Rodrigo Vera | ||
| 650 | 0 | |a Ciencias |9 327866 | |
| 650 | 0 | |a Orientación vocacional |9 255692 | |
| 650 | 7 | |a CIENTISTAS POLITICOS |2 CL-VaPUC |9 255693 | |
| 650 | 0 | |a Etica profesional |9 255694 | |
| 942 | |c BK |2 ddc | ||
| 945 | |d 20150911 12:29:00 |a gsalatino | ||
| 952 | |0 0 |1 0 |3 erb |4 0 |6 320_010000000000000_WEB_2012 |7 0 |8 A |9 470628 |a BIBEDU |b BIBEDU |i 5197562 |l 1 |o 320.01 WEB 2012 |p 5197562 |r 2023-09-20 |s 2023-09-13 |w 2019-11-23 |y BK |z Catalogado en:20150911 |k FIL | ||
| 952 | |0 0 |1 0 |2 ddc |4 0 |6 320_010000000000000_WEB_2012 |7 0 |8 A |9 578270 |a BIBHIS |b BIBHIS |d 2021-06-23 |e 3 |g 12835.00 |i 5585635 |o 320.01 WEB 2012 |p 5585635 |r 2025-01-20 |t 2 |v 12835.00 |w 2021-06-23 |y BK |k HIS | ||